[Event "Vila de Sant Boi 2014 - Norma MI"]
[Site "Sant Boi de Llobregat ESP"]
[Date "2014.05.16"]
[Round "5.2"]
[White "Hernando Rodrigo, Julio Antoni"]
[Black "Perez Mitjans, Orelvis"]
[Result "0-1"]
[WhiteElo "2348"]
[BlackElo "2402"]
[PlyCount "74"]
[EventDate "2014.04.04"]
[EventType "tourn"]
[EventRounds "9"]
[EventCountry "ESP"]
[Source "lmi"]
[SourceDate "2014.04.04"]

1. d4 Nf6 2. c4 c5 3. d5 b5 4. Qc2 e5 5. dxe6 dxe6 6. cxb5 Bb7 7. Nc3 Be7 8. e4
O-O 9. Nf3 a6 10. bxa6 Nxa6 11. Bc4 Nb4 12. Qe2 Nc6 13. O-O Nd4 14. Qd3 Qb6 15.
e5 Nxf3+ 16. gxf3 Rfd8 17. Qe2 Nd5 18. Ne4 Qc7 19. f4 Nb4 20. f3 Nc6 21. Be3
Nd4 22. Qg2 Kh8 23. Rac1 Qb6 24. Kh1 Rd7 25. a3 Rad8 26. Bg1 Bc6 27. Bxd4 Rxd4
28. Rc2 Qb7 29. Re1 Bh4 30. Rg1 g6 31. Nxc5 Qa8 32. Be2 Rd2 33. Rxd2 Rxd2 34.
Ne4 Rxb2 35. Rd1 Qxa3 36. Ng5 Bxg5 37. Qxg5 Bxf3+ 0-1

[Event "Vila de Sant Boi 2014 - Norma MI"]
[Site "Sant Boi de Llobregat ESP"]
[Date "2014.05.16"]
[Round "5.3"]
[White "Ryan, Joseph"]
[Black "Esplugas Esteve, Vicenc"]
[Result "1-0"]
[WhiteElo "2271"]
[BlackElo "2238"]
[PlyCount "99"]
[EventDate "2014.04.04"]
[EventType "tourn"]
[EventRounds "9"]
[EventCountry "ESP"]
[Source "lmi"]
[SourceDate "2014.04.04"]

1. d4 e6 2. Nf3 Nf6 3. e3 b6 4. Bd3 Bb7 5. O-O c5 6. c4 Be7 7. Nc3 Nc6 8. d5
Nb4 9. e4 Nxd3 10. Qxd3 exd5 11. exd5 d6 12. Ne2 O-O 13. Ng3 b5 14. b3 Ng4 15.
Bf4 Re8 16. Rae1 Bf8 17. h3 Nf6 18. Bg5 Rxe1 19. Rxe1 h6 20. Bh4 g5 21. Nxg5
hxg5 22. Bxg5 Qa5 23. Re3 Nh7 24. Bh4 Qxa2 25. Nf5 Qa1+ 26. Kh2 bxc4 27. Rg3+
Kh8 28. Qxc4 Re8 29. Qg4 Bg7 30. Qxg7+ Qxg7 31. Rxg7 Bxd5 32. Rg3 Rb8 33. Re3
Bxb3 34. Bg3 Rd8 35. Bxd6 Bc2 36. Be7 Rd7 37. Nd6 Kg8 38. f4 c4 39. f5 Rxd6 40.
Bxd6 Bxf5 41. Re8+ Kg7 42. g4 Bd3 43. Be5+ f6 44. Bc3 Ng5 45. Re7+ Kg6 46. Rxa7
Ne4 47. Bd4 Kg5 48. Be3+ Kg6 49. h4 f5 50. Ra6+ 1-0

[Event "Vila de Sant Boi 2014 - Norma MI"]
[Site "Sant Boi de Llobregat ESP"]
[Date "2014.05.16"]
[Round "5.4"]
[White "Chalmeta Ugas, Ramon"]
[Black "Dalo, Hermes"]
[Result "1-0"]
[WhiteElo "2252"]
[BlackElo "2235"]
[PlyCount "193"]
[EventDate "2014.04.04"]
[EventType "tourn"]
[EventRounds "9"]
[EventCountry "ESP"]
[Source "lmi"]
[SourceDate "2014.04.04"]

1. e4 e5 2. Nf3 Nc6 3. Bc4 Nf6 4. Ng5 d5 5. exd5 Na5 6. Bb5+ c6 7. dxc6 bxc6 8.
Bd3 h6 9. Ne4 Nd5 10. O-O Be7 11. Ng3 O-O 12. Bf5 Bh4 13. Qg4 Bxg3 14. hxg3 Nf6
15. Qf3 Bb7 16. Nc3 c5 17. Qe3 Qc7 18. Ne4 Nxe4 19. Bxe4 Bxe4 20. Qxe4 f5 21.
Qd5+ Kh8 22. d3 Rad8 23. Qf3 Nc6 24. c3 Rd6 25. Rd1 Ne7 26. Qe2 Ng6 27. b3 Rfd8
28. Qh5 Qf7 29. Ba3 Rxd3 30. Bxc5 a6 31. Qe2 R3d5 32. Rxd5 Qxd5 33. Be3 f4 34.
gxf4 exf4 35. Bd4 Nh4 36. Qg4 Nf5 37. Rd1 Kh7 38. Qxf4 Rd6 39. Rd3 Rg6 40. g3
Qe6 41. Qe5 Qc8 42. Rf3 Nd6 43. Bc5 Qb7 44. Rf8 Nf7 45. Qe7 Qxe7 46. Bxe7 Ne5
47. c4 Re6 48. Bc5 Kg6 49. Rd8 Nf7 50. Rb8 Kf5 51. Rf8 Kg6 52. Be3 Nd6 53. Rb8
a5 54. Rb6 Kf5 55. Kg2 a4 56. Kf3 h5 57. Ra6 axb3 58. axb3 g5 59. Ra5+ Kf6 60.
Bxg5+ Kg6 61. Bf4 Nf5 62. b4 h4 63. g4 Nd4+ 64. Kg2 Ne2 65. Be3 Re4 66. Kf3 Nc3
67. Rh5 Rxc4 68. Rxh4 Rxb4 69. Bd2 Rb3 70. Bxc3 Rxc3+ 71. Kf4 Rc4+ 72. Kg3 Rc3+
73. f3 Ra3 74. Rh8 Kg7 75. Rb8 Kg6 76. Rb6+ Kg5 77. Rb5+ Kg6 78. Re5 Rb3 79.
Kf4 Rb4+ 80. Re4 Rb3 81. Re6+ Kf7 82. Ra6 Rb4+ 83. Kg3 Rb3 84. g5 Rb1 85. Kg4
Rb4+ 86. f4 Kg7 87. Re6 Kf7 88. Rf6+ Kg7 89. Kh5 Ra4 90. Rf5 Ra1 91. Rb5 Rf1
92. Rb7+ Kf8 93. Kg4 Ra1 94. g6 Ra4 95. Kg5 Kg8 96. f5 Kh8 97. Rb8+ 1-0

[Event "Vila de Sant Boi 2014 - Norma MI"]
[Site "Sant Boi de Llobregat ESP"]
[Date "2014.05.16"]
[Round "5.5"]
[White "Ramirez Garcia, Jorge Alberto"]
[Black "Amores Gago, Javier"]
[Result "1-0"]
[WhiteElo "2287"]
[BlackElo "2174"]
[PlyCount "53"]
[EventDate "2014.04.04"]
[EventType "tourn"]
[EventRounds "9"]
[EventCountry "ESP"]
[Source "lmi"]
[SourceDate "2014.04.04"]

1. d4 d5 2. Nf3 Nf6 3. c4 c6 4. e3 e6 5. Nc3 g6 6. b3 Bg7 7. Ba3 Ne4 8. Qc1 f5
9. Be2 Nd7 10. O-O Kf7 11. Nxe4 dxe4 12. Ne1 c5 13. dxc5 Bxa1 14. Qxa1 Re8 15.
f3 e5 16. fxe4 Nf6 17. exf5 Qd2 18. fxg6+ hxg6 19. Bf3 Qxe3+ 20. Kh1 Bf5 21.
Bxb7 Rh8 22. Nf3 e4 23. Bc1 Qe2 24. Bg5 Ng4 25. Bd5+ Be6 26. Bxe6+ Kxe6 27.
Nd4+ 1-0

[Event "Vila de Sant Boi 2014 - Norma MI"]
[Site "Sant Boi de Llobregat ESP"]
[Date "2014.05.23"]
[Round "6.1"]
[White "Gonzalez Rodriguez, Jorge A"]
[Black "Amores Gago, Javier"]
[Result "1/2-1/2"]
[WhiteElo "2398"]
[BlackElo "2174"]
[PlyCount "45"]
[EventDate "2014.04.04"]
[EventType "tourn"]
[EventRounds "9"]
[EventCountry "ESP"]
[Source "lmi"]
[SourceDate "2014.04.04"]

1. b3 e5 2. Bb2 Nc6 3. e3 d5 4. Bb5 Bd6 5. f4 Qh4+ 6. g3 Qe7 7. Nf3 f6 8. O-O
Bg4 9. Be2 O-O-O 10. Nxe5 fxe5 11. Bxg4+ Kb8 12. Nc3 Nf6 13. Nb5 h5 14. Nxd6
Qxd6 15. Bh3 h4 16. g4 d4 17. Qf3 e4 18. Qf2 Nb4 19. Ba3 Qb6 20. Bxb4 Qxb4 21.
g5 dxe3 22. Qxe3 Nd5 23. Qf2 1/2-1/2

[Event "Vila de Sant Boi 2014 - Norma MI"]
[Site "Sant Boi de Llobregat ESP"]
[Date "2014.05.23"]
[Round "6.2"]
[White "Dalo, Hermes"]
[Black "Ramirez Garcia, Jorge Alberto"]
[Result "1/2-1/2"]
[WhiteElo "2235"]
[BlackElo "2287"]
[PlyCount "96"]
[EventDate "2014.04.04"]
[EventType "tourn"]
[EventRounds "9"]
[EventCountry "ESP"]
[Source "lmi"]
[SourceDate "2014.04.04"]

1. d4 d5 2. c4 e6 3. Nc3 a6 4. cxd5 exd5 5. Bf4 c6 6. e3 Bd6 7. Bxd6 Qxd6 8.
Bd3 Ne7 9. Qc2 g6 10. Nf3 Bf5 11. O-O O-O 12. Bxf5 Nxf5 13. Na4 Nd7 14. Rfc1
Qe7 15. Rab1 Nd6 16. Nc5 f6 17. Nxb7 Nxb7 18. Qxc6 Rfb8 19. Qxd5+ Qf7 20. Qxf7+
Kxf7 21. Rc7 Ke8 22. Rbc1 Nd6 23. b3 Rc8 24. Nd2 Rxc7 25. Rxc7 Rc8 26. Rxc8+
Nxc8 27. Kf1 Ke7 28. Ke2 Nd6 29. Kd3 Ke6 30. e4 Ke7 31. a4 Nb8 32. d5 Nd7 33.
Kd4 g5 34. h3 h5 35. g3 g4 36. hxg4 hxg4 37. f3 Ne5 38. fxg4 Nxg4 39. b4 Nf2
40. Ke3 Nd1+ 41. Kf4 Nb2 42. b5 axb5 43. axb5 Nxb5 44. g4 Nd3+ 45. Ke3 Ne5 46.
Kf4 Nd3+ 47. Ke3 Ne5 48. Kf4 Nd3+ 1/2-1/2

[Event "Vila de Sant Boi 2014 - Norma MI"]
[Site "Sant Boi de Llobregat ESP"]
[Date "2014.05.23"]
[Round "6.3"]
[White "Esplugas Esteve, Vicenc"]
[Black "Chalmeta Ugas, Ramon"]
[Result "1/2-1/2"]
[WhiteElo "2238"]
[BlackElo "2252"]
[PlyCount "42"]
[EventDate "2014.04.04"]
[EventType "tourn"]
[EventRounds "9"]
[EventCountry "ESP"]
[Source "lmi"]
[SourceDate "2014.04.04"]

1. d4 Nf6 2. c4 g6 3. Nc3 d5 4. cxd5 Nxd5 5. e4 Nxc3 6. bxc3 Bg7 7. Bc4 O-O 8.
Ne2 c5 9. O-O Nc6 10. Be3 Na5 11. Bd3 b6 12. dxc5 bxc5 13. Bxc5 Qc7 14. Bb4 Nc4
15. Bxe7 Re8 16. Bh4 Nb2 17. Qc2 Nxd3 18. Qxd3 Qc6 19. Nd4 Qxe4 20. Qxe4 Rxe4
21. Bg3 Bxd4 1/2-1/2

[Event "Vila de Sant Boi 2014 - Norma MI"]
[Site "Sant Boi de Llobregat ESP"]
[Date "2014.05.23"]
[Round "6.4"]
[White "Perez Mitjans, Orelvis"]
[Black "Ryan, Joseph"]
[Result "1-0"]
[WhiteElo "2402"]
[BlackElo "2271"]
[PlyCount "159"]
[EventDate "2014.04.04"]
[EventType "tourn"]
[EventRounds "9"]
[EventCountry "ESP"]
[Source "lmi"]
[SourceDate "2014.04.04"]

1. e4 g6 2. d4 Bg7 3. Nf3 c6 4. h3 d5 5. e5 f6 6. exf6 Nxf6 7. Bd3 O-O 8. O-O
c5 9. dxc5 Nbd7 10. c4 Nxc5 11. Be2 e6 12. Na3 Nfe4 13. Nc2 Qb6 14. cxd5 exd5
15. Ne3 d4 16. Bc4+ Be6 17. Bxe6+ Nxe6 18. Nc4 Qc6 19. Nce5 Qd5 20. Nd3 Rad8
21. Re1 N6c5 22. Nxc5 Nxc5 23. Bg5 Rd7 24. Be7 Ra8 25. Bxc5 Qxc5 26. Qd3 Qf5
27. Re4 Qd5 28. a3 Rc8 29. Rae1 b5 30. h4 Qc4 31. Qd2 Rf8 32. h5 Qd5 33. h6 Bf6
34. Ne5 Bxe5 35. Rxe5 Qf7 36. Rxb5 d3 37. Rbe5 Qf4 38. Qxf4 Rxf4 39. Rd1 Rc4
40. Re3 d2 41. Rc3 Rxc3 42. bxc3 g5 43. Kf1 Rd3 44. a4 Rd6 45. Ke2 Rxh6 46.
Rxd2 Ra6 47. Rd5 Rxa4 48. Rxg5+ Kf8 49. Rc5 Ra2+ 50. Ke3 a5 51. g4 a4 52. f4 a3
53. Ra5 Ra1 54. Ke4 a2 55. Kf5 Rc1 56. Rxa2 Rxc3 57. Ra7 Kg8 58. Kg5 Rc6 59. f5
Rb6 60. f6 Rb1 61. Rg7+ Kh8 62. Re7 Kg8 63. Kf5 Rf1+ 64. Ke6 Re1+ 65. Kd7 Rf1
66. g5 Ra1 67. Rg7+ Kh8 68. Ke6 Ra6+ 69. Kf5 Ra5+ 70. Kg4 Ra1 71. Re7 Kg8 72.
Rg7+ Kh8 73. Rd7 Kg8 74. Kf5 Rf1+ 75. Ke4 h6 76. Ke5 hxg5 77. Ke6 Re1+ 78. Kf5
Kf8 79. Kg6 Re8 80. Rh7 1-0

[Event "Vila de Sant Boi 2014 - Norma MI"]
[Site "Sant Boi de Llobregat ESP"]
[Date "2014.05.23"]
[Round "6.5"]
[White "Lorenzo De La Riva, Lazaro"]
[Black "Hernando Rodrigo, Julio Antoni"]
[Result "1-0"]
[WhiteElo "2421"]
[BlackElo "2348"]
[PlyCount "66"]
[EventDate "2014.04.04"]
[EventType "tourn"]
[EventRounds "9"]
[EventCountry "ESP"]
[Source "lmi"]
[SourceDate "2014.04.04"]

1. d4 Nf6 2. c4 g6 3. Nc3 Bg7 4. e4 d6 5. Nge2 O-O 6. Ng3 c5 7. d5 e6 8. Be2
exd5 9. exd5 Na6 10. O-O Nc7 11. f4 h5 12. f5 h4 13. Nh1 Bxf5 14. Bg5 Qe8 15.
Bxh4 Ne4 16. Nxe4 Qxe4 17. Bf2 Bxb2 18. Ng3 Qe5 19. Nxf5 gxf5 20. Rb1 b6 21.
Kh1 f4 22. Bd3 f5 23. Qc2 Bc3 24. Rb3 Ba5 25. Bh4 Rf7 26. Bg5 Re8 27. Bxf4 Qf6
28. Bg3 Qd4 29. Bxf5 b5 30. Bxd6 Qxc4 31. Rg3+ Rg7 32. Rxg7+ Kxg7 33. Qf2 Re3
1-0

[Event "Vila de Sant Boi 2014 - Norma MI"]
[Site "Sant Boi de Llobregat ESP"]
[Date "2014.05.30"]
[Round "7.1"]
[White "Hernando Rodrigo, Julio Antoni"]
[Black "Gonzalez Rodriguez, Jorge A"]
[Result "1/2-1/2"]
[WhiteElo "2348"]
[BlackElo "2398"]
[PlyCount "23"]
[EventDate "2014.04.04"]
[EventType "tourn"]
[EventRounds "9"]
[EventCountry "ESP"]
[Source "lmi"]
[SourceDate "2014.04.04"]

1. d4 Nf6 2. Nf3 e6 3. g3 b6 4. Bg2 Bb7 5. O-O g6 6. c4 Bg7 7. b3 O-O 8. Bb2 d6
9. Nbd2 c5 10. Qc2 Qe7 11. dxc5 bxc5 12. Rad1 1/2-1/2

[Event "Vila de Sant Boi 2014 - Norma MI"]
[Site "Sant Boi de Llobregat ESP"]
[Date "2014.05.30"]
[Round "7.2"]
[White "Ryan, Joseph"]
[Black "Lorenzo De La Riva, Lazaro"]
[Result "0-1"]
[WhiteElo "2271"]
[BlackElo "2421"]
[PlyCount "120"]
[EventDate "2014.04.04"]
[EventType "tourn"]
[EventRounds "9"]
[EventCountry "ESP"]
[Source "lmi"]
[SourceDate "2014.04.04"]

1. e4 c5 2. Nf3 e6 3. b3 b6 4. c4 Bb7 5. Nc3 d6 6. d4 cxd4 7. Nxd4 Nf6 8. Qe2
h5 9. g3 h4 10. Bg2 h3 11. Bf3 Nbd7 12. O-O a6 13. Bb2 Be7 14. Bh1 Qc7 15. a4
Rc8 16. Rad1 Qb8 17. f4 g6 18. Nd5 exd5 19. exd5 O-O 20. Nc6 Bxc6 21. dxc6 Rfe8
22. cxd7 Nxd7 23. Qg4 Bf6 24. Bd5 Kf8 25. Qxd7 Re7 26. Qxc8+ Qxc8 27. Bxf6 Qc5+
28. Bd4 Qb4 29. Rd3 f5 30. Kf2 Qa3 31. Ra1 Qb4 32. Be3 Kg7 33. a5 b5 34. Bd4+
Kh7 35. c5 Re4 36. Bxe4 fxe4 37. Rdd1 Qxb3 38. Be3 Qb2+ 39. Bd2 dxc5 40. g4 g5
41. fxg5 Qe5 42. Ke3 Qd4+ 43. Ke2 Qd3+ 44. Kf2 Qf3+ 45. Ke1 e3 46. Bxe3 Qxe3+
47. Kf1 Qf3+ 48. Ke1 Qh1+ 49. Kf2 Qxh2+ 50. Kf3 Qg2+ 51. Kf4 Qf2+ 52. Ke4 h2
53. Rd6 Qg1 54. g6+ Kh6 55. g5+ Qxg5 56. Rxa6 Qg2+ 57. Kf5 Qd5+ 58. Kf6 Qd4+
59. Kf7 Qg7+ 60. Ke8 Qxa1 0-1

[Event "Vila de Sant Boi 2014 - Norma MI"]
[Site "Sant Boi de Llobregat ESP"]
[Date "2014.05.30"]
[Round "7.3"]
[White "Chalmeta Ugas, Ramon"]
[Black "Perez Mitjans, Orelvis"]
[Result "1/2-1/2"]
[WhiteElo "2252"]
[BlackElo "2402"]
[PlyCount "20"]
[EventDate "2014.04.04"]
[EventType "tourn"]
[EventRounds "9"]
[EventCountry "ESP"]
[Source "lmi"]
[SourceDate "2014.04.04"]

1. e4 g6 2. d4 Bg7 3. Nc3 c6 4. Nf3 d5 5. h3 Nf6 6. exd5 cxd5 7. Bd3 Nc6 8. a3
O-O 9. O-O Bd7 10. Qe2 Rc8 1/2-1/2

[Event "Vila de Sant Boi 2014 - Norma MI"]
[Site "Sant Boi de Llobregat ESP"]
[Date "2014.05.30"]
[Round "7.4"]
[White "Ramirez Garcia, Jorge Alberto"]
[Black "Esplugas Esteve, Vicenc"]
[Result "0-1"]
[WhiteElo "2287"]
[BlackElo "2238"]
[PlyCount "36"]
[EventDate "2014.04.04"]
[EventType "tourn"]
[EventRounds "9"]
[EventCountry "ESP"]
[Source "lmi"]
[SourceDate "2014.04.04"]

1. d4 e6 2. c4 b6 3. e4 Bb7 4. Bd3 f5 5. exf5 Bb4+ 6. Kf1 Nf6 7. c5 bxc5 8. a3
c4 9. Bxc4 Ba5 10. fxe6 dxe6 11. Qa4+ Nc6 12. Bb5 Qd5 13. Be3 O-O 14. Nf3 Ng4
15. Be2 Ba6 16. Bxa6 Rxf3 17. Qb5 Nxe3+ 18. Ke2 Nxd4+ 0-1

[Event "Vila de Sant Boi 2014 - Norma MI"]
[Site "Sant Boi de Llobregat ESP"]
[Date "2014.05.30"]
[Round "7.5"]
[White "Amores Gago, Javier"]
[Black "Dalo, Hermes"]
[Result "1/2-1/2"]
[WhiteElo "2174"]
[BlackElo "2235"]
[PlyCount "29"]
[EventDate "2014.04.04"]
[EventType "tourn"]
[EventRounds "9"]
[EventCountry "ESP"]
[Source "lmi"]
[SourceDate "2014.04.04"]

1. e4 c5 2. Nf3 d6 3. d4 cxd4 4. Nxd4 Nf6 5. Nc3 e6 6. Be2 a6 7. a4 Nc6 8. O-O
Be7 9. Be3 O-O 10. Nb3 b6 11. f4 Qc7 12. g4 Re8 13. g5 Nd7 14. h4 Bb7 15. h5
1/2-1/2

[Event "Vila de Sant Boi 2014 - Norma MI"]
[Site "Sant Boi de Llobregat ESP"]
[Date "2014.06.06"]
[Round "8.1"]
[White "Gonzalez Rodriguez, Jorge A"]
[Black "Dalo, Hermes"]
[Result "1/2-1/2"]
[WhiteElo "2398"]
[BlackElo "2235"]
[PlyCount "31"]
[EventDate "2014.04.04"]
[EventType "tourn"]
[EventRounds "9"]
[EventCountry "ESP"]
[Source "lmi"]
[SourceDate "2014.04.04"]

1. b3 d5 2. Bb2 Bf5 3. e3 e6 4. Nf3 Nd7 5. d4 h6 6. Be2 Ngf6 7. O-O Be7 8. c4
O-O 9. Nc3 c6 10. Nd2 Bh7 11. c5 b6 12. b4 bxc5 13. bxc5 Rb8 14. Nb3 e5 15. Bd3
Qc7 16. Bxh7+ 1/2-1/2

[Event "Vila de Sant Boi 2014 - Norma MI"]
[Site "Sant Boi de Llobregat ESP"]
[Date "2014.06.06"]
[Round "8.2"]
[White "Esplugas Esteve, Vicenc"]
[Black "Amores Gago, Javier"]
[Result "1/2-1/2"]
[WhiteElo "2238"]
[BlackElo "2174"]
[PlyCount "54"]
[EventDate "2014.04.04"]
[EventType "tourn"]
[EventRounds "9"]
[EventCountry "ESP"]
[Source "lmi"]
[SourceDate "2014.04.04"]

1. d4 Nf6 2. c4 g6 3. Nc3 Bg7 4. e4 d6 5. Nge2 O-O 6. Ng3 c6 7. Be2 a6 8. O-O
b5 9. a3 Nbd7 10. Be3 Rb8 11. cxb5 cxb5 12. Qd2 Nb6 13. Bh6 Nc4 14. Bxc4 bxc4
15. Bxg7 Kxg7 16. Rac1 Qa5 17. Rc2 Bd7 18. h3 Rb3 19. e5 dxe5 20. dxe5 Qxe5 21.
Re1 Qd6 22. Nce4 Nxe4 23. Nxe4 Qxd2 24. Rxd2 Rd3 25. Rxd3 cxd3 26. Rd1 Bb5 27.
b3 Rd8 1/2-1/2

[Event "Vila de Sant Boi 2014 - Norma MI"]
[Site "Sant Boi de Llobregat ESP"]
[Date "2014.06.06"]
[Round "8.3"]
[White "Perez Mitjans, Orelvis"]
[Black "Ramirez Garcia, Jorge Alberto"]
[Result "0-1"]
[WhiteElo "2402"]
[BlackElo "2287"]
[PlyCount "113"]
[EventDate "2014.04.04"]
[EventType "tourn"]
[EventRounds "9"]
[EventCountry "ESP"]
[Source "lmi"]
[SourceDate "2014.04.04"]

1. e4 e6 2. d3 c5 3. Nf3 Nc6 4. g3 g6 5. Bg2 Bg7 6. O-O Nge7 7. Re1 d6 8. c3 e5
9. Na3 O-O 10. Nc2 f5 11. b4 cxb4 12. Nxb4 h6 13. Nxc6 bxc6 14. Qb3+ Kh7 15.
exf5 Bxf5 16. Ba3 Bxd3 17. Rad1 e4 18. Nd4 Rb8 19. Qa4 Bxd4 20. Qxd4 c5 21. Qa4
Nd5 22. Rxd3 exd3 23. Bxd5 Qf6 24. f4 d2 25. Rd1 Qxc3 26. Kg2 a5 27. Qd7+ Kh8
28. Qg4 Rf6 29. Qf3 Qd4 30. Qe4 Qxe4+ 31. Bxe4 Re6 32. Bd3 Re3 33. Rxd2 c4 34.
Bxc4 Rxa3 35. Rxd6 Rc3 36. Bb3 Kg7 37. Ra6 Rb5 38. Ra7+ Kh8 39. g4 Rb4 40. Rxa5
Rxf4 41. Ra8+ Kg7 42. Ra7+ Kf8 43. h3 h5 44. gxh5 gxh5 45. Ra8+ Ke7 46. Rg8
Rcf3 47. Rg7+ Kd6 48. Rg6+ Ke7 49. Rg7+ Kf6 50. Rf7+ Kg5 51. Rxf4 Kxf4 52. Bf7
Rg3+ 53. Kh2 h4 54. a4 Ra3 55. Bc4 Rxa4 56. Bd5 Ra6 57. Be6 0-1

[Event "Vila de Sant Boi 2014 - Norma MI"]
[Site "Sant Boi de Llobregat ESP"]
[Date "2014.06.06"]
[Round "8.4"]
[White "Lorenzo De La Riva, Lazaro"]
[Black "Chalmeta Ugas, Ramon"]
[Result "1/2-1/2"]
[WhiteElo "2421"]
[BlackElo "2252"]
[PlyCount "21"]
[EventDate "2014.04.04"]
[EventType "tourn"]
[EventRounds "9"]
[EventCountry "ESP"]
[Source "lmi"]
[SourceDate "2014.04.04"]

1. d4 Nf6 2. Nf3 g6 3. Bf4 Bg7 4. e3 d6 5. h3 O-O 6. Be2 Nbd7 7. O-O Qe8 8. Bh2
e5 9. c4 Qe7 10. Nc3 c6 11. b4 1/2-1/2

[Event "Vila de Sant Boi 2014 - Norma MI"]
[Site "Sant Boi de Llobregat ESP"]
[Date "2014.06.06"]
[Round "8.5"]
[White "Hernando Rodrigo, Julio Antoni"]
[Black "Ryan, Joseph"]
[Result "1/2-1/2"]
[WhiteElo "2348"]
[BlackElo "2271"]
[PlyCount "66"]
[EventDate "2014.04.04"]
[EventType "tourn"]
[EventRounds "9"]
[EventCountry "ESP"]
[Source "lmi"]
[SourceDate "2014.04.04"]

1. d4 g6 2. c4 Bg7 3. Nc3 d6 4. Nf3 e5 5. g3 Nd7 6. Bg2 Ne7 7. dxe5 dxe5 8. O-O
O-O 9. e4 Nc5 10. Bg5 Qxd1 11. Rfxd1 Nc6 12. Be3 Ne6 13. Nd5 f6 14. b4 Rf7 15.
Rac1 Bf8 16. c5 Ncd8 17. Rc2 c6 18. Nc3 a5 19. Na4 axb4 20. Nb6 Rb8 21. h4 Rc7
22. Bh3 Kf7 23. Kg2 Ke8 24. Rc4 Ke7 25. Rxb4 Bd7 26. Nd2 Nf7 27. Ndc4 Bh6 28.
Bxh6 Nxh6 29. Nxd7 Rxd7 30. Rxd7+ Kxd7 31. Na5 Nf7 32. Bxe6+ Kxe6 33. Nxb7 f5
1/2-1/2

[Event "Vila de Sant Boi 2014 - Norma MI"]
[Site "Sant Boi de Llobregat ESP"]
[Date "2014.06.13"]
[Round "9.1"]
[White "Ryan, Joseph"]
[Black "Gonzalez Rodriguez, Jorge A"]
[Result "1/2-1/2"]
[WhiteElo "2271"]
[BlackElo "2398"]
[PlyCount "26"]
[EventDate "2014.04.04"]
[EventType "tourn"]
[EventRounds "9"]
[EventCountry "ESP"]
[Source "lmi"]
[SourceDate "2014.04.04"]

1. d4 Nf6 2. Nf3 b6 3. e3 Bb7 4. Bd3 d5 5. O-O e6 6. b3 Nbd7 7. Bb2 Bd6 8. Nbd2
O-O 9. Ne5 Ne4 10. f3 Nxd2 11. Qxd2 Nxe5 12. dxe5 Be7 13. f4 f5 1/2-1/2

[Event "Vila de Sant Boi 2014 - Norma MI"]
[Site "Sant Boi de Llobregat ESP"]
[Date "2014.06.13"]
[Round "9.3"]
[White "Ramirez Garcia, Jorge Alberto"]
[Black "Lorenzo De La Riva, Lazaro"]
[Result "0-1"]
[WhiteElo "2287"]
[BlackElo "2421"]
[PlyCount "90"]
[EventDate "2014.04.04"]
[EventType "tourn"]
[EventRounds "9"]
[EventCountry "ESP"]
[Source "lmi"]
[SourceDate "2014.04.04"]

1. e4 c5 2. c3 d5 3. exd5 Qxd5 4. d4 cxd4 5. cxd4 Nc6 6. Nf3 Bg4 7. Be2 e6 8.
O-O Nf6 9. h3 Bh5 10. Nc3 Qa5 11. a3 Be7 12. Qb3 O-O 13. Qxb7 Rfc8 14. Bf4 Qd8
15. Rad1 Na5 16. Qb5 a6 17. Qa4 Qb6 18. Qc2 Qd8 19. Qd2 Nc4 20. Bxc4 Rxc4 21.
Ne5 Rcc8 22. g4 Bg6 23. Nxg6 hxg6 24. Rfe1 Ra7 25. Qd3 Qa5 26. Re5 Qb6 27. Re2
Rd7 28. Be5 Qa5 29. Bxf6 Bxf6 30. Qe3 Rcd8 31. Red2 Bg5 32. f4 Be7 33. Kg2 g5
34. Qe5 Qb6 35. fxg5 Qb7+ 36. Kg1 Qb3 37. g6 fxg6 38. d5 Qb6+ 39. Kh1 Kh7 40.
d6 Bxd6 41. Qxe6 Re7 42. Qc4 Rde8 43. Rxd6 Re1+ 44. Rxe1 Rxe1+ 45. Kg2 Qg1+ 0-1

[Event "Vila de Sant Boi 2014 - Norma MI"]
[Site "Sant Boi de Llobregat ESP"]
[Date "2014.06.13"]
[Round "9.4"]
[White "Amores Gago, Javier"]
[Black "Perez Mitjans, Orelvis"]
[Result "0-1"]
[WhiteElo "2174"]
[BlackElo "2402"]
[PlyCount "102"]
[EventDate "2014.04.04"]
[EventType "tourn"]
[EventRounds "9"]
[EventCountry "ESP"]
[Source "lmi"]
[SourceDate "2014.04.04"]

1. e4 c5 2. Nf3 g6 3. c3 d5 4. exd5 Qxd5 5. d4 Nf6 6. Be2 cxd4 7. cxd4 Bg7 8.
O-O O-O 9. Nc3 Qa5 10. Ne5 Nbd7 11. Nc4 Qd8 12. Qb3 Nb6 13. Nxb6 axb6 14. Rd1
Bg4 15. f3 Bd7 16. d5 Nh5 17. Be3 Be5 18. Qxb6 Qb8 19. h3 Bh2+ 20. Kf1 Rc8 21.
Rac1 Ng3+ 22. Ke1 Nf5 23. Bf2 Bc7 24. Qb4 Bf4 25. g4 Bxc1 26. Rxc1 Ng3 27. f4
Nxe2 28. Kxe2 Ra4 29. Nxa4 Rxc1 30. Nc3 Qd6 31. Qxd6 exd6 32. Nd1 f5 33. g5 Ra1
34. Nc3 Rh1 35. h4 Rh3 36. Kd2 Kf7 37. Ke2 Ke7 38. Kd2 Kd8 39. Ke2 Kc7 40. Kd2
Rf3 41. Be3 Rf1 42. Ke2 Rh1 43. Bf2 b6 44. Kd2 Kb7 45. Ke2 Ka6 46. Kf3 Bb5 47.
Bd4 Rh3+ 48. Kf2 Rd3 49. Be3 Bc4 50. a3 Bxd5 51. Ke2 Bc4 0-1

[Event "Vila de Sant Boi 2014 - Norma MI"]
[Site "Sant Boi de Llobregat ESP"]
[Date "2014.06.13"]
[Round "9.5"]
[White "Dalo, Hermes"]
[Black "Esplugas Esteve, Vicenc"]
[Result "1/2-1/2"]
[WhiteElo "2235"]
[BlackElo "2238"]
[PlyCount "86"]
[EventDate "2014.04.04"]
[EventType "tourn"]
[EventRounds "9"]
[EventCountry "ESP"]
[Source "lmi"]
[SourceDate "2014.04.04"]

1. Nf3 Nf6 2. d4 e6 3. g3 c5 4. Bg2 cxd4 5. Nxd4 d5 6. O-O e5 7. Nb3 Be6 8. c4
Nc6 9. cxd5 Nxd5 10. Bd2 a5 11. e4 Nb6 12. Bc3 Qxd1 13. Rxd1 Be7 14. N1d2 Na4
15. Nf1 Nxc3 16. bxc3 a4 17. Nc1 Bc5 18. Nd3 Ba7 19. Rdb1 O-O-O 20. Nb4 Bc5 21.
Nd5 Bxd5 22. exd5 Na5 23. Rb5 b6 24. Nd2 f5 25. Re1 e4 26. Bh3 Rxd5 27. Nxe4 g6
28. Nxc5 Rxc5 29. Rxc5+ bxc5 30. Re5 Nb7 31. Bg2 Rd8 32. Bd5 Kc7 33. c4 Na5 34.
Re7+ Rd7 35. Re3 Nc6 36. Ra3 Nb4 37. Rxa4 Nxd5 38. Ra7+ Kd6 39. Rxd7+ Kxd7 40.
cxd5 Kd6 41. Kf1 Kxd5 42. Ke2 Kc4 43. Kd2 Kd4 1/2-1/2